Summary report on the evaluation of short-term tests for carcinogens : collaborative study on in VIVO tests

Saved in:
Bibliographic Details
Corporate Author: International Programme on Chemical Safety
Format: Book
Language:English
Published: Geneva : World Health Organization, c1990
Series:Environmental health criteria ; ; 109
Subjects:
Tags: Add Tag
No Tags, Be the first to tag this record!

MARC

LEADER 00000nam a2200000 i 4500
001 1/68573
008 940418s eng d
020 |a 92-4-157109-8 
035 |a ΛΕΣΒΟΣb10002093  |l 10002093 
040 |a GR-MY-UA  |b gre  |e aacr 
041 0 |a eng 
082 0 |a 616.994 
110 2 |a International Programme on Chemical Safety. 
245 1 0 |a Summary report on the evaluation of short-term tests for carcinogens :  |b collaborative study on in VIVO tests /  |c International Programme on Chemical Safety 
260 |a Geneva :   |b World Health Organization,   |c c1990 
300 |a 96 p. 
490 1 |a Environmental health criteria  |v ; 109 
500 |a Published under the joint sponsorship of the United Nations Environment Programme, the International Labour Organisation, and the World Health Organization.Includes bibliographical references. 
650 0 0 |a Mutagens. 
650 0 0 |a Mutagenisity testing. 
650 0 0 |a Carcinogenisity testing. 
650 0 0 |a Environmental health. 
830 0 |a Environmental health criteria ;  |v ; 109 
852 |a INST  |b LESVOS  |e 19940418  |h 616.994 SUM  |p 005100005820  |q 005100005820  |t BK  |y 0 
909 |a Λ  |b 027546